[Event "ICS rated blitz match"]
[Site "204.178.125.65"]
[Date "2001.10.04"]
[Round "?"]
[White "Kob"]
[Black "Hossa"]
[Result "1-0"]
[WhiteElo "2095"]
[BlackElo "2559"]
[PlyCount "79"]
[EventDate "2001.??.??"]

1. e4 c5 2. Nf3 e6 3. d4 cxd4 4. Nxd4 a6 5. Bd3 Bc5 6. Nb3 Be7 7. c4 d6 8. O-O
Nf6 9. f4 Nc6 10. Nc3 O-O 11. Qe1 Bd7 12. c5 dxc5 13. e5 Nd5 14. Nxd5 exd5 15.
f5 c4 16. f6 cxb3 17. Bxh7+ Kxh7 18. Qh4+ Kg8 19. Qg5 g6 20. Qh6 Bxf6 21. exf6
Qxf6 22. Rxf6 Nd4 23. Bg5 bxa2 24. Rxg6+ fxg6 25. Qxg6+ Kh8 26. Bf6+ Rxf6 27.
Qxf6+ Kg8 28. Qxd4 Bc6 29. Rxa2 Re8 30. h4 Re4 31. Qf6 Rc4 32. h5 Re4 33. h6
Rg4 34. Ra3 Kh7 35. Rh3 Bd7 36. Qf7+ Kh8 37. h7 Rxg2+ 38. Kxg2 Bxh3+ 39. Kxh3
d4 40. Qg8# {Hossa checkmated} 1-0

[Event "ICS rated blitz match"]
[Site "204.178.125.65"]
[Date "2001.10.04"]
[Round "?"]
[White "Kob"]
[Black "Hossa"]
[Result "0-1"]
[WhiteElo "2122"]
[BlackElo "2532"]
[PlyCount "58"]
[EventDate "2001.??.??"]

1. e4 e6 2. d4 d5 3. Nc3 Bb4 4. e5 c5 5. a3 Bxc3+ 6. bxc3 Ne7 7. h4 Nbc6 8. h5
Qa5 9. Bd2 cxd4 10. cxd4 Qa4 11. Nf3 Nxd4 12. Bd3 Nec6 13. Kf1 Nxf3 14. Qxf3
Qd4 15. Re1 Nxe5 16. Rxe5 Qxe5 17. Bb5+ Kd8 18. Qxf7 Qf6 19. Qxf6+ gxf6 20. Rh3
Bd7 21. Bd3 e5 22. Rg3 e4 23. Be2 Rc8 24. Bd1 d4 25. Rg7 Rc7 26. h6 Ba4 27. Bb4
Rxg7 28. hxg7 Rg8 29. Bf8 d3 {Kob resigns} 0-1

[Event "ICS rated blitz match"]
[Site "204.178.125.65"]
[Date "2001.10.04"]
[Round "?"]
[White "Hossa"]
[Black "ildars"]
[Result "1-0"]
[WhiteElo "2535"]
[BlackElo "2389"]
[PlyCount "71"]
[EventDate "2001.??.??"]

1. e4 e6 2. d4 d5 3. Nc3 Bb4 4. e5 c5 5. a3 Bxc3+ 6. bxc3 Ne7 7. h4 Nbc6 8. h5
h6 9. g4 Qa5 10. Bd2 Qa4 11. Be3 cxd4 12. cxd4 f6 13. exf6 gxf6 14. Nf3 e5 15.
Bh3 Kf7 16. Qd2 Be6 17. Rh2 Rag8 18. Rg2 e4 19. Nh4 Rg5 20. Rg3 Rhg8 21. c3 Na5
22. Bxg5 fxg5 23. Ng2 Nc4 24. Qa2 Rc8 25. Ne3 Nd6 26. Rb1 Rxc3 27. Nf5 Rc6 28.
Nxh6+ Kg7 29. Nf5+ Bxf5 30. gxf5 Kf6 31. Qd2 Ndxf5 32. Bxf5 Nxf5 33. Qxg5+ Ke6
34. Qg6+ Kd7 35. Qxf5+ Kc7 36. Qf7+ {ildars resigns} 1-0

[Event "ICS rated blitz match"]
[Site "204.178.125.65"]
[Date "2001.10.04"]
[Round "?"]
[White "Hossa"]
[Black "Polloman"]
[Result "1-0"]
[WhiteElo "2547"]
[BlackElo "2048"]
[PlyCount "29"]
[EventDate "2001.??.??"]

1. e4 c5 2. Nf3 d6 3. d4 cxd4 4. Nxd4 Nf6 5. Nc3 g6 6. Bc4 Bg7 7. O-O O-O 8.
Bg5 Nc6 9. Nxc6 bxc6 10. Rb1 Rb8 11. Qd2 Qc7 12. f3 Rd8 13. Bh6 Bh8 14. Qf4 Nh5
15. Qxf7# {Polloman checkmated} 1-0

[Event "ICS rated blitz match"]
[Site "204.178.125.65"]
[Date "2001.10.04"]
[Round "?"]
[White "Polloman"]
[Black "Hossa"]
[Result "0-1"]
[WhiteElo "2046"]
[BlackElo "2549"]
[PlyCount "25"]
[EventDate "2001.??.??"]

1. e4 c5 2. Nf3 d6 3. d4 cxd4 4. Nxd4 Nf6 5. Nc3 e5 6. Ndb5 a6 7. Na3 b5 8. Nd5
Nxe4 9. Qf3 Nc5 10. Nf6+ gxf6 11. Qxa8 Bb7 12. Qa7 Nc6 13. Bxb5 {
Polloman resigns} 0-1

[Event "ICS rated blitz match"]
[Site "204.178.125.65"]
[Date "2001.10.04"]
[Round "?"]
[White "Hossa"]
[Black "winner3"]
[Result "0-1"]
[WhiteElo "2551"]
[BlackElo "2762"]
[PlyCount "152"]
[EventDate "2001.??.??"]

1. e4 d6 2. Nc3 Nf6 3. Nf3 g6 4. Bc4 Bg7 5. O-O O-O 6. d3 c6 7. e5 dxe5 8. Nxe5
Qc7 9. Re1 b5 10. Bb3 b4 11. Na4 Nd5 12. d4 Nd7 13. Nxd7 Bxd7 14. Nc5 Bf5 15.
Kh1 a5 16. a3 Qd6 17. g4 Bd7 18. f4 Rfe8 19. Rf1 a4 20. Nxa4 Qe6 21. c4 Qe4+
22. Qf3 Qxf3+ 23. Rxf3 Bxg4 24. Rg3 Nf6 25. Nc5 Bf5 26. Ba4 Rec8 27. Rg2 Ne4
28. Bc2 Nd6 29. Be3 bxa3 30. bxa3 Bxc2 31. Rxc2 Nf5 32. Bf2 Nxd4 33. Rca2 Nc2
34. Rc1 Nxa3 35. Nd3 Ra5 36. Bb6 Ra4 37. Bc5 Rca8 38. Bxe7 Nxc4 39. Rac2 Na5
40. Kg2 Nb3 41. Rb1 Nd4 42. Rcb2 Nb5 43. Rc2 Ra2 44. Rbc1 Nd4 45. Rf2 Rxf2+ 46.
Nxf2 Ra2 47. Rb1 h6 48. Rb8+ Kh7 49. Rb7 Ne6 50. Kf3 Nxf4 51. Bc5 Ne6 52. Be3
Nd4+ 53. Bxd4 Bxd4 54. Ng4 Kg7 55. Rd7 c5 56. h4 h5 57. Ne3 Ra3 58. Re7 Rxe3+
59. Rxe3 Bxe3 60. Kxe3 Kf6 61. Ke4 g5 62. hxg5+ Kxg5 63. Ke3 h4 64. Ke2 f5 65.
Kd3 h3 66. Kc3 h2 67. Kc4 f4 68. Kd5 h1=Q+ 69. Kc4 Qc1+ 70. Kd5 c4 71. Kc6 c3
72. Kc5 Qa3+ 73. Kc6 c2 74. Kb7 c1=Q 75. Kb6 Qab2+ 76. Ka7 Qca1# {
Hossa checkmated} 0-1

[Event "ICS rated blitz match"]
[Site "204.178.125.65"]
[Date "2001.10.04"]
[Round "?"]
[White "winner3"]
[Black "Hossa"]
[Result "1-0"]
[WhiteElo "2769"]
[BlackElo "2544"]
[PlyCount "129"]
[EventDate "2001.??.??"]

1. e4 c5 2. Nf3 d6 3. d4 cxd4 4. Nxd4 Nf6 5. Nc3 a6 6. g3 e6 7. Be2 Be7 8. O-O
O-O 9. a3 e5 10. Nb3 Nc6 11. Qd3 a5 12. Be3 Bh3 13. Rfe1 Qd7 14. Nd2 Rad8 15.
Nc4 Rfe8 16. Bb6 Ra8 17. Nd5 Nxd5 18. exd5 Na7 19. Bxa5 Nc8 20. Bd2 Bf5 21. Qb3
Rf8 22. Bf3 Ra6 23. Ne3 Bh3 24. Be2 Ra7 25. Bb5 Qd8 26. Nc4 Qc7 27. Re3 Qc5 28.
Rd3 Qc7 29. Rc3 Qd8 30. Re1 Bf6 31. Qb4 Ra8 32. Be3 Bf5 33. Rf1 Bh3 34. Ra1 Bf5
35. Ba4 Ne7 36. Nb6 Ra6 37. g4 Bg6 38. Rd1 e4 39. Rc4 Rxa4 40. Qxa4 Bxb2 41. c3
f5 42. Qb3 Bxa3 43. Qxa3 f4 44. Bd4 Be8 45. Qb2 Ng6 46. Kh1 Bd7 47. Rg1 Nh4 48.
Nxd7 Qxd7 49. Qb6 Rf7 50. Ra1 h6 51. Ra8+ Kh7 52. h3 Nf3 53. Rcc8 Nxd4 54. Qxd4
Re7 55. Qb4 Re5 56. Rh8+ Kg6 57. Rab8 Qc7 58. Rxb7 Qc5 59. Rxg7+ Kxg7 60. Qb8
Qc8 61. Qxc8 Kg6 62. Qg8+ Kf6 63. Rxh6+ Ke7 64. Rh7+ Kf6 65. Qg7# {
Hossa checkmated} 1-0

[Event "ICS rated blitz match"]
[Site "204.178.125.65"]
[Date "2001.10.04"]
[Round "?"]
[White "Hossa"]
[Black "winner3"]
[Result "0-1"]
[WhiteElo "2537"]
[BlackElo "2776"]
[PlyCount "117"]
[EventDate "2001.??.??"]

1. e4 e5 2. Nf3 Nc6 3. Bb5 a6 4. Ba4 Nf6 5. d3 d6 6. c3 g6 7. Bg5 b5 8. Bb3 Na5
9. Bc2 h6 10. Bxf6 Qxf6 11. a4 b4 12. cxb4 Nc6 13. b5 axb5 14. Nc3 b4 15. Nd5
Qd8 16. Qd2 Bg4 17. a5 Nxa5 18. Ba4+ Bd7 19. Bxd7+ Kxd7 20. Nxb4 Nb3 21. Rxa8
Qxa8 22. Qd1 Nc5 23. O-O Qb7 24. Qd2 Be7 25. Nd5 Nb3 26. Qc3 Ra8 27. d4 c6 28.
Ne3 f6 29. dxe5 fxe5 30. Ng4 Ra4 31. Nfxe5+ dxe5 32. Nxe5+ Kc7 33. Rd1 Nd4 34.
Kh1 Qb5 35. b3 Qxb3 36. Qd2 g5 37. Qe1 Qe6 38. Nd3 Kd7 39. Nb2 Rb4 40. Qxb4
Bxb4 41. Rxd4+ Kc7 42. Rxb4 Qf6 43. Nd1 Qa1 44. g3 Qxd1+ 45. Kg2 Qc2 46. e5 c5
47. Rg4 c4 48. Rd4 c3 49. Rc4+ Kd8 50. Rb4 Qe2 51. Ra4 c2 52. Ra8+ Kd7 53. Ra1
Qd1 54. Rxd1+ cxd1=Q 55. h3 Qe2 56. Kg1 Ke6 57. Kg2 Kxe5 58. Kg1 h5 59. h4 {
Hossa resigns} 0-1

[Event "ICS rated blitz match"]
[Site "204.178.125.65"]
[Date "2001.10.04"]
[Round "?"]
[White "winner3"]
[Black "Hossa"]
[Result "1-0"]
[WhiteElo "2782"]
[BlackElo "2531"]
[PlyCount "81"]
[EventDate "2001.??.??"]

1. Nf3 c5 2. e4 e6 3. d4 cxd4 4. Nxd4 a6 5. Bd3 Nc6 6. Nxc6 dxc6 7. Nd2 Nf6 8.
a4 e5 9. O-O Bg4 10. Qe1 Bb4 11. Qe3 Qe7 12. Nc4 b5 13. axb5 cxb5 14. Nd2 O-O
15. Qg3 Rfe8 16. Nf3 Qe6 17. h3 Bh5 18. Nh4 Qc6 19. c3 Bf8 20. Re1 a5 21. Nf5
Bg6 22. Bg5 b4 23. cxb4 Bxb4 24. Rec1 Qe6 25. Rc7 h6 26. Bh4 Rab8 27. Rac1 Nh5
28. Qg4 Nf6 29. Qd1 Bxf5 30. exf5 Qd6 31. R1c6 Qd4 32. Bxf6 gxf6 33. Rxf6 Re7
34. Rc4 Qxb2 35. Rxh6 e4 36. f6 Qxf6 37. Rxf6 exd3 38. Qh5 Reb7 39. Qh6 Bd2 40.
Rg4+ Bg5 41. Rxg5# {Hossa checkmated} 1-0

[Event "ICS rated blitz match"]
[Site "204.178.125.65"]
[Date "2001.10.04"]
[Round "?"]
[White "Hossa"]
[Black "justiciero"]
[Result "1-0"]
[WhiteElo "2525"]
[BlackElo "2178"]
[PlyCount "73"]
[EventDate "2001.??.??"]

1. e4 c5 2. Nf3 e6 3. d4 cxd4 4. Nxd4 a6 5. Nc3 Qc7 6. g3 Nc6 7. Bg2 b5 8. O-O
Bb7 9. Nxc6 Bxc6 10. Qd4 d6 11. Rd1 Nf6 12. a4 b4 13. Qxb4 Be7 14. Qc4 Qb7 15.
Bf4 e5 16. Be3 O-O 17. Bg5 Rfc8 18. Qd3 Rd8 19. Ra3 h6 20. Bc1 Rd7 21. Qe2 Rad8
22. Rb3 Qa8 23. Rb6 Bf8 24. Rxa6 Qc8 25. Bh3 Bb7 26. Rb6 Qc7 27. a5 Re7 28. Nb5
Qc5 29. Be3 Qb4 30. Nxd6 Qxa5 31. Nxb7 Rb8 32. Nxa5 Rxb6 33. Bxb6 Re8 34. Nc6
Rc8 35. Bxc8 g5 36. Nxe5 Kg7 37. Qc4 {justiciero resigns} 1-0

[Event "ICS rated blitz match"]
[Site "204.178.125.65"]
[Date "2001.10.04"]
[Round "?"]
[White "justiciero"]
[Black "Hossa"]
[Result "0-1"]
[WhiteElo "2174"]
[BlackElo "2529"]
[PlyCount "164"]
[EventDate "2001.??.??"]

1. e4 e6 2. d4 d5 3. Nd2 Nc6 4. exd5 exd5 5. Ngf3 Bf5 6. c3 Bd6 7. Be2 Nf6 8.
O-O O-O 9. Re1 Re8 10. Nf1 Ne4 11. Ng3 Nxg3 12. hxg3 Ne7 13. Bd3 Qd7 14. Bf4
Bxf4 15. gxf4 Bxd3 16. Qxd3 f6 17. g3 c6 18. Re2 Qh3 19. Rae1 Kf7 20. Nh4 g6
21. Qe3 b6 22. Qe6+ Qxe6 23. Rxe6 c5 24. dxc5 bxc5 25. b3 d4 26. cxd4 cxd4 27.
Rd6 Rad8 28. Rxd8 Rxd8 29. Rd1 d3 30. Rd2 Nc6 31. Nf3 Nd4 32. Nxd4 Rxd4 33. f3
h5 34. Kf2 Ke6 35. Ke3 Rd7 36. Rxd3 Rc7 37. Rd2 Rc3+ 38. Kf2 a6 39. Re2+ Kd5
40. Rd2+ Ke6 41. Re2+ Kd5 42. Rd2+ Ke6 43. Ke2 Ke7 44. Rd3 Rc2+ 45. Rd2 Rc3 46.
Rb2 Kd6 47. Kf2 a5 48. Kg2 Rd3 49. Rf2 Kd5 50. Kh3 Kc5 51. g4 hxg4+ 52. Kxg4
Rd1 53. f5 Rg1+ 54. Kf4 g5+ 55. Ke4 Re1+ 56. Kd3 Re5 57. Rc2+ Kd5 58. a3 Rxf5
59. Ke3 Re5+ 60. Kf2 f5 61. b4 Kd4 62. bxa5 Rxa5 63. Ra2 Kc4 64. Rc2+ Kb3 65.
Re2 Kxa3 66. Re3+ Kb4 67. Re2 Kc3 68. Re3+ Kd4 69. Re2 Rb5 70. Rd2+ Kc3 71. Re2
Rb2 72. Rxb2 Kxb2 73. Ke3 Kc3 74. f4 g4 75. Kf2 Kd3 76. Kg3 Ke3 77. Kh4 Kxf4
78. Kh5 g3 79. Kg6 Ke5 80. Kf7 g2 81. Ke7 g1=Q 82. Kd7 Kd5 {justiciero resigns}
0-1

[Event "ICS rated blitz match"]
[Site "204.178.125.65"]
[Date "2001.10.04"]
[Round "?"]
[White "justiciero"]
[Black "Hossa"]
[Result "0-1"]
[WhiteElo "2166"]
[BlackElo "2537"]
[PlyCount "31"]
[EventDate "2001.??.??"]

1. e4 c5 2. Nf3 Nc6 3. d4 cxd4 4. Nxd4 g6 5. Nb3 Nf6 6. Nc3 Bg7 7. Bd3 O-O 8.
O-O d6 9. Bg5 d5 10. exd5 Nxd5 11. Nxd5 Qxd5 12. Bc1 Bf5 13. Bxf5 Qxf5 14. Re1
Rfd8 15. Qe2 Nb4 16. g4 {justiciero resigns} 0-1

[Event "ICS rated blitz match"]
[Site "204.178.125.65"]
[Date "2001.10.04"]
[Round "?"]
[White "Hossa"]
[Black "justiciero"]
[Result "1-0"]
[WhiteElo "2540"]
[BlackElo "2163"]
[PlyCount "47"]
[EventDate "2001.??.??"]

1. e4 c5 2. Nf3 e6 3. d4 cxd4 4. Nxd4 a6 5. Nc3 Qc7 6. Bd3 Nc6 7. Be3 Nf6 8.
O-O d6 9. Na4 Nd7 10. Qh5 g6 11. Qh4 Bg7 12. Ne2 O-O 13. Bh6 b5 14. Bxg7 Kxg7
15. Nac3 Bb7 16. Rfd1 Nce5 17. Nd4 Nb6 18. f4 Nec4 19. Bxc4 Nxc4 20. Rd3 b4 21.
Nd5 exd5 22. Nf5+ gxf5 23. Rg3+ Kh8 24. Qf6# {justiciero checkmated} 1-0

[Event "ICS rated blitz match"]
[Site "204.178.125.65"]
[Date "2001.10.04"]
[Round "?"]
[White "inmortal"]
[Black "Hossa"]
[Result "0-1"]
[WhiteElo "2451"]
[BlackElo "2543"]
[PlyCount "76"]
[EventDate "2001.??.??"]

1. d4 b6 2. Nf3 Bb7 3. e3 Nf6 4. Be2 e6 5. O-O d5 6. b3 Nbd7 7. Bb2 Bd6 8. Ne5
c6 9. Nd2 O-O 10. f4 Qc7 11. Bd3 a5 12. a4 Ba6 13. Qf3 Bxd3 14. cxd3 Bb4 15.
Rad1 Nxe5 16. dxe5 Nd7 17. Qg3 Nc5 18. Nf3 Nxb3 19. Ng5 h6 20. Nf3 Nc5 21. Qg4
Nxa4 22. Ba1 Rfe8 23. f5 exf5 24. Qxf5 Nc5 25. Nh4 Nb3 26. Bb2 b5 27. Qg4 Qe7
28. Rf3 Qg5 29. Qh3 Bc5 30. Rg3 Qh5 31. e6 Qxd1+ 32. Kf2 Qd2+ 33. Kf1 Qxd3+ 34.
Kf2 Qc2+ 35. Ke1 Bb4+ 36. Kf1 Qd1+ 37. Kf2 Be1+ 38. Kf1 Bxg3# {
inmortal checkmated} 0-1

[Event "ICS rated blitz match"]
[Site "204.178.125.65"]
[Date "2001.10.04"]
[Round "?"]
[White "inmortal"]
[Black "Hossa"]
[Result "0-1"]
[WhiteElo "2428"]
[BlackElo "2566"]
[PlyCount "48"]
[EventDate "2001.??.??"]

1. d4 Nf6 2. Nf3 e6 3. e3 b6 4. Bd3 Bb7 5. b3 Be7 6. Bb2 O-O 7. O-O d6 8. Nbd2
c5 9. c4 Nc6 10. Qe2 cxd4 11. exd4 Nb4 12. Bb1 Qd7 13. a3 Nc6 14. Bc2 a6 15.
Rad1 Rfd8 16. Qd3 d5 17. Rfe1 Rac8 18. Nf1 Qc7 19. Ng3 dxc4 20. bxc4 Na5 21.
Nh5 g6 22. Nxf6+ Bxf6 23. c5 bxc5 24. Qe3 cxd4 {inmortal resigns} 0-1

[Event "ICS rated blitz match"]
[Site "204.178.125.65"]
[Date "2001.10.04"]
[Round "?"]
[White "Hossa"]
[Black "inmortal"]
[Result "1-0"]
[WhiteElo "2576"]
[BlackElo "2418"]
[PlyCount "77"]
[EventDate "2001.??.??"]

1. e4 e5 2. Bc4 Nf6 3. Nc3 Bc5 4. Nf3 d6 5. d3 Bg4 6. Na4 Bb6 7. Nxb6 axb6 8.
O-O Nbd7 9. h3 Bh5 10. Be3 Nf8 11. a3 h6 12. Qe2 g5 13. Rab1 Ng6 14. Bb5+ Kf8
15. d4 Nh4 16. g4 Nxg4 17. Nxh4 Nf6 18. Nf3 Qc8 19. Kh2 g4 20. dxe5 gxf3 21.
Qd2 dxe5 22. Qc3 Ng4+ 23. hxg4 Qxg4 24. Bc5+ bxc5 25. Qxc5+ Kg7 26. Rg1 Rhg8
27. Qxe5+ Kh7 28. Rxg4 Rxg4 29. Qxh5 Rag8 30. Qxf7+ R8g7 31. Qf5+ Kh8 32. Bf1
Rh4+ 33. Bh3 Rg2+ 34. Kh1 Rxf2 35. Qf6+ Kh7 36. Qxh4 Rxc2 37. Qe7+ Kg6 38. Bd7
f2 39. Be8# {inmortal checkmated} 1-0

[Event "ICS rated blitz match"]
[Site "204.178.125.65"]
[Date "2001.10.04"]
[Round "?"]
[White "inmortal"]
[Black "Hossa"]
[Result "0-1"]
[WhiteElo "2409"]
[BlackElo "2585"]
[PlyCount "84"]
[EventDate "2001.??.??"]

1. d4 b6 2. Nf3 Nf6 3. e3 g6 4. Bd3 Bb7 5. O-O Bg7 6. Nbd2 d5 7. c4 dxc4 8.
Nxc4 O-O 9. Qe2 Nc6 10. Bd2 a5 11. Rac1 Nb4 12. Bb1 Be4 13. a3 Na6 14. Bxe4
Nxe4 15. Rfd1 f6 16. Be1 Qd5 17. Nfd2 Nxd2 18. Rxd2 Qf7 19. f3 e5 20. d5 Nc5
21. Rcd1 Rfd8 22. e4 Nb3 23. Rd3 Nd4 24. Qd2 Qf8 25. Bf2 Bh6 26. Qe1 Nb5 27. h4
a4 28. g4 Bf4 29. Be3 Bxe3+ 30. Qxe3 Nd4 31. Rxd4 exd4 32. Qxd4 b5 33. Ne3 Qd6
34. Kg2 Qf4 35. Rc1 Rd7 36. Rc6 Rf8 37. Re6 f5 38. Qe5 Qxe3 39. exf5 Qd2+ 40.
Kg3 gxf5 41. g5 f4+ 42. Kh3 Qf2 {inmortal resigns} 0-1

[Event "ICS rated blitz match"]
[Site "204.178.125.65"]
[Date "2001.10.04"]
[Round "?"]
[White "Hossa"]
[Black "winner3"]
[Result "0-1"]
[WhiteElo "2594"]
[BlackElo "2793"]
[PlyCount "101"]
[EventDate "2001.??.??"]

1. e4 c6 2. d4 d5 3. exd5 cxd5 4. c4 Nf6 5. Nc3 Nc6 6. Bg5 Be6 7. Nf3 Ne4 8.
cxd5 Bxd5 9. Nxe4 Bxe4 10. Bc4 Qb6 11. Bb3 h6 12. Be3 Qa5+ 13. Kf1 e6 14. Kg1
Be7 15. Nd2 Bd5 16. Nc4 Qb5 17. a4 Qa6 18. Rc1 Rd8 19. h4 Bf6 20. Rh3 Be4 21.
Nd2 Bd3 22. Nc4 Bf5 23. g4 Bg6 24. h5 Bh7 25. Qf3 Nxd4 26. Bxd4 Rxd4 27. Rc3
O-O 28. Qg2 Be4 29. Qf1 Bc6 30. f4 Re4 31. Rc1 Rc8 32. Ba2 b5 33. Nd6 Qb6+ 34.
Qf2 Bd4 35. Nxe4 Bxf2+ 36. Nxf2 bxa4 37. Rc2 Bb7 38. Rxc8+ Bxc8 39. Rc3 Ba6 40.
Rc2 Qe3 41. Kg2 Be2 42. Rc3 Qxf4 43. Bb1 Kf8 44. Rc8+ Ke7 45. Be4 Bxg4 46. Ra8
Bh3+ 47. Kxh3 Qxf2 48. Bc6 Qf5+ 49. Kg3 Qe5+ 50. Kf3 Qxh5+ 51. Kg3 {
Hossa resigns} 0-1

[Event "ICS rated blitz match"]
[Site "204.178.125.65"]
[Date "2001.10.04"]
[Round "?"]
[White "winner3"]
[Black "Hossa"]
[Result "1-0"]
[WhiteElo "2801"]
[BlackElo "2586"]
[PlyCount "93"]
[EventDate "2001.??.??"]

1. e4 e5 2. Nf3 Nc6 3. Bb5 a6 4. Ba4 Nf6 5. O-O Be7 6. Re1 b5 7. Bb3 O-O 8. c3
d6 9. h3 Nd7 10. d4 Bf6 11. a4 Bb7 12. axb5 axb5 13. Rxa8 Qxa8 14. d5 Na5 15.
Bc2 Ba6 16. Nbd2 Qc8 17. b4 Nb7 18. Nf1 Nb6 19. Bg5 Bxg5 20. Nxg5 h6 21. Nf3 c6
22. Ne3 cxd5 23. Qa1 Qa8 24. exd5 Rc8 25. Nf5 Rc7 26. Bb3 Kh8 27. Rc1 Qa7 28.
Rc2 Rc8 29. Ne7 Rf8 30. Nc6 Qa8 31. Ra2 Qc8 32. Rxa6 Na8 33. Na7 Qc7 34. Nxb5
Qb8 35. Rc6 Kg8 36. c4 f5 37. Qa6 Rf6 38. c5 e4 39. Nfd4 g5 40. cxd6 Rf7 41. d7
Rxd7 42. Rg6+ Rg7 43. Rxg7+ Kxg7 44. Nxf5+ Kg8 45. Qg6+ Kf8 46. Qf6+ Kg8 47.
Qg7# {Hossa checkmated} 1-0

[Event "ICS rated blitz match"]
[Site "204.178.125.65"]
[Date "2001.10.04"]
[Round "?"]
[White "winner3"]
[Black "Hossa"]
[Result "1/2-1/2"]
[WhiteElo "2802"]
[BlackElo "2605"]
[PlyCount "166"]
[EventDate "2001.??.??"]

1. d4 Nf6 2. c4 g6 3. Nc3 Bg7 4. e4 d6 5. Nf3 O-O 6. Be2 e5 7. O-O Nc6 8. d5
Ne7 9. Ne1 Nd7 10. Nd3 f5 11. Bd2 Nb6 12. c5 fxe4 13. cxb6 exd3 14. bxc7 Qxc7
15. Bxd3 Bf5 16. Bg5 Bxd3 17. Qxd3 Nf5 18. Ne4 Nd4 19. Rac1 Qd7 20. Be3 Rae8
21. Bxd4 exd4 22. Ng5 Qf5 23. Qxf5 Rxf5 24. Ne6 Rb8 25. Nxg7 Kxg7 26. Rc7+ Kf6
27. Rxh7 Rxd5 28. Rd1 a5 29. Kf1 b6 30. Ke2 Rf8 31. Rh4 Ke5 32. Rg4 Rh8 33. h3
Kf6 34. Kd3 Rf5 35. Rd2 Rc8 36. Rxd4 d5 37. b4 Ke5 38. f4+ Rxf4 39. Re2+ Re4
40. Rexe4+ dxe4+ 41. Rxe4+ Kf5 42. bxa5 bxa5 43. Rc4 Ra8 44. Rc5+ Kf4 45. a4
Rd8+ 46. Kc4 Rd2 47. Kb5 Rxg2 48. Kxa5 Rb2 49. h4 Rb8 50. h5 g5 51. Rc4+ Kf3
52. h6 g4 53. Rc3+ Kf2 54. Rc2+ Kf1 55. Rc6 g3 56. Rf6+ Kg2 57. h7 Rh8 58. Rg6
Rxh7 59. Kb6 Kf3 60. a5 g2 61. Rxg2 Rh6+ 62. Kb7 Rh7+ 63. Kb6 Rh6+ 64. Kb7 Rh7+
65. Kb6 Rh6+ 66. Kb7 Rh7+ 67. Kb6 Rh6+ 68. Kb7 Rh7+ 69. Kb6 Rh6+ 70. Kb7 Rh7+
71. Kb6 Rh6+ 72. Kb7 Rh7+ 73. Kb6 Rh6+ 74. Kb7 Rh7+ 75. Kb6 Rh6+ 76. Kb7 Rh7+
77. Kb6 Rh6+ 78. Kb7 Rh7+ 79. Kb6 Rh6+ 80. Kb7 Rh7+ 81. Kb6 Rh6+ 82. Kb7 Rh7+
83. Kb6 Rh6+ {Game drawn by repetition} 1/2-1/2

[Event "ICS rated blitz match"]
[Site "204.178.125.65"]
[Date "2001.10.04"]
[Round "?"]
[White "Hossa"]
[Black "winner3"]
[Result "0-1"]
[WhiteElo "2613"]
[BlackElo "2794"]
[PlyCount "89"]
[EventDate "2001.??.??"]

1. e4 c5 2. Nf3 d6 3. d4 cxd4 4. Nxd4 Nf6 5. Nc3 a6 6. f4 e6 7. Bd3 b5 8. O-O
Bb7 9. Re1 Nbd7 10. f5 e5 11. Nf3 Qa5 12. Bg5 b4 13. Nb1 Be7 14. Nbd2 Ng4 15.
Nc4 Qc5+ 16. Be3 Nxe3 17. Nxe3 Nf6 18. Nd2 d5 19. Qf3 O-O 20. Rad1 Rfd8 21.
exd5 Bxd5 22. Qf2 Bb7 23. Nb3 Qc7 24. Nc4 e4 25. Be2 Rd5 26. Rxd5 Nxd5 27. Bf1
Nf6 28. Be2 Rc8 29. Nd4 Bc5 30. Rd1 Rd8 31. Rd2 Qd7 32. c3 bxc3 33. bxc3 Nd5
34. Bh5 Nxc3 35. Ne5 Qxd4 36. Kh1 Qxd2 37. Bxf7+ Kf8 38. Qxc5+ Rd6 39. h3 e3
40. Bd5 Qxd5 41. Qxd5 Rxd5 42. Nc4 e2 43. Kg1 e1=Q+ 44. Kh2 Ne2 45. Nb6 {
Hossa resigns} 0-1

[Event "ICS rated blitz match"]
[Site "204.178.125.65"]
[Date "2001.10.04"]
[Round "?"]
[White "Danimir"]
[Black "Hossa"]
[Result "0-1"]
[WhiteElo "2376"]
[BlackElo "2605"]
[PlyCount "34"]
[EventDate "2001.??.??"]

1. d4 b6 2. e4 Bb7 3. Bd3 c5 4. d5 f5 5. exf5 Bxd5 6. c4 Bxg2 7. Qh5+ g6 8.
fxg6 Bg7 9. gxh7+ Kf8 10. hxg8=Q+ Kxg8 11. Qg4 Bxh1 12. h4 Nc6 13. Bf4 e6 14.
h5 Qf6 15. Nc3 Ne5 16. Bxe5 Qxe5+ 17. Nge2 Qxh5 {Danimir resigns} 0-1

[Event "ICS rated blitz match"]
[Site "204.178.125.65"]
[Date "2001.10.04"]
[Round "?"]
[White "Hossa"]
[Black "Danimir"]
[Result "1-0"]
[WhiteElo "2612"]
[BlackElo "2369"]
[PlyCount "37"]
[EventDate "2001.??.??"]

1. e4 c5 2. Nf3 Nc6 3. d4 cxd4 4. Nxd4 g6 5. c4 Bg7 6. Be3 Nf6 7. Nc3 O-O 8.
Be2 b6 9. O-O Bb7 10. Qc2 Rc8 11. Nxc6 Bxc6 12. Bf4 d6 13. e5 dxe5 14. Bxe5 Qd7
15. Rfd1 Qb7 16. Bf1 Rfd8 17. b4 Ne4 18. Bxg7 Kxg7 19. b5 {Danimir resigns} 1-0

[Event "ICS rated blitz match"]
[Site "204.178.125.65"]
[Date "2001.10.04"]
[Round "?"]
[White "kako"]
[Black "Hossa"]
[Result "0-1"]
[WhiteElo "2016"]
[BlackElo "2618"]
[PlyCount "100"]
[EventDate "2001.??.??"]

1. d4 Nf6 2. Nf3 e6 3. e3 b6 4. Bd3 Bb7 5. Nbd2 c5 6. O-O d5 7. c3 c4 8. Bc2
Bd6 9. Ne5 Qc7 10. f4 Nbd7 11. Qe2 b5 12. Kh1 b4 13. g4 Nb6 14. g5 Nfd7 15. Qh5
g6 16. Qh6 Bf8 17. Qh3 a5 18. Ndf3 Bg7 19. Bd2 bxc3 20. bxc3 a4 21. a3 Nxe5 22.
fxe5 Rb8 23. Rf2 Qc6 24. Raf1 Rc8 25. Nh4 Rc7 26. Ng2 h6 27. Qg3 hxg5 28. Qxg5
Ba8 29. Kg1 Rb7 30. Qg4 Re7 31. Rb1 Ra7 32. Rf3 Nc8 33. Be1 Bf8 34. Bh4 Bxa3
35. Bf6 Rh7 36. Rh3 Rxh3 37. Qxh3 Be7 38. Qh8+ Kd7 39. Nf4 a3 40. Qh7 a2 41.
Ra1 Qb5 42. Qxf7 Qb2 43. Qxe6+ Kc7 44. Bxe7 Qxa1+ 45. Kg2 Qxc3 46. Bd6+ Kb7 47.
Qd7+ Ka6 48. Qxc8+ Bb7 49. Qc5 Qxc2+ 50. Kg3 a1=Q {kako resigns} 0-1

[Event "ICS rated blitz match"]
[Site "204.178.125.65"]
[Date "2001.10.04"]
[Round "?"]
[White "Hossa"]
[Black "DuongThanh"]
[Result "1-0"]
[WhiteElo "2619"]
[BlackElo "2205"]
[PlyCount "125"]
[EventDate "2001.??.??"]

1. e4 c5 2. Nf3 e6 3. d4 cxd4 4. Nxd4 Nf6 5. Nc3 d6 6. g4 h6 7. Rg1 Nc6 8. h4
g6 9. Rb1 a6 10. Nxc6 bxc6 11. h5 g5 12. Bd3 e5 13. Qe2 Be7 14. b3 O-O 15. a4
a5 16. Qf3 Be6 17. Bb2 Qd7 18. Be2 Rad8 19. Qg3 Rfe8 20. Rd1 Qb7 21. Qf3 Nh7
22. Nb1 Nf8 23. Nd2 f6 24. Nc4 Qc7 25. Bc3 Ra8 26. Ne3 Kg7 27. Bc4 Bc8 28. Rd3
Rd8 29. Qg2 Kh7 30. Nf5 Bxf5 31. gxf5 Nd7 32. Bf7 Nc5 33. Rd2 Kg7 34. Be6 Bf8
35. Qf3 Re8 36. Bc4 Rad8 37. Rg3 Nb7 38. Qg4 Re7 39. Bb2 Red7 40. Be6 Re7 41.
Ba3 Ree8 42. Bc4 Rd7 43. Rc3 Rdd8 44. Rdd3 Rd7 45. Bd5 Nd8 46. Be6 Rde7 47.
Bxd6 Qb6 48. Bc5 Qc7 49. Bxe7 Rxe7 50. Rd1 Nb7 51. Rcd3 Nc5 52. R3d2 Kh8 53.
Rd8 Kg7 54. Ra8 Qb7 55. Rdd8 Qb4+ 56. Kf1 Nxe4 57. f3 Nd2+ 58. Kg2 Qxg4+ 59.
fxg4 Rxe6 60. fxe6 Be7 61. Rg8+ Kh7 62. Rh8+ Kg7 63. Rag8# {
DuongThanh checkmated} 1-0

[Event "ICS rated blitz match"]
[Site "204.178.125.65"]
[Date "2001.10.04"]
[Round "?"]
[White "Hossa"]
[Black "nyul"]
[Result "1-0"]
[WhiteElo "2622"]
[BlackElo "2050"]
[PlyCount "119"]
[EventDate "2001.??.??"]

1. e4 e5 2. Bc4 Nf6 3. Nc3 Bc5 4. Nf3 d6 5. d3 Nc6 6. Na4 Bb6 7. Nxb6 axb6 8.
Ng5 O-O 9. O-O h6 10. Nxf7 Rxf7 11. Bxf7+ Kxf7 12. f4 Kg8 13. c3 Bg4 14. Qc2 d5
15. fxe5 Nxe5 16. d4 Ned7 17. exd5 Nxd5 18. Qg6 N7f6 19. Bxh6 Qd7 20. c4 Bh5
21. Qg3 Kh7 22. Bf4 Nxf4 23. Rxf4 Re8 24. Qg5 Qf7 25. Rh4 Qg6 26. Qb5 Re2 27.
g3 Qc2 28. Rxh5+ Nxh5 29. Qxh5+ Kg8 30. b3 Rg2+ 31. Kh1 Re2 32. Rf1 Qe4+ 33.
Qf3 Qxf3+ 34. Rxf3 Rxa2 35. Rd3 Kf7 36. Kg1 Rb2 37. d5 Kf6 38. d6 cxd6 39.
Rxd6+ Kg5 40. Rxb6 Kg4 41. Rxb7 g5 42. b4 Kf3 43. Rf7+ Kg4 44. b5 Rb1+ 45. Kg2
Rb2+ 46. Rf2 Rb4 47. h3+ Kh5 48. Rf6 g4 49. hxg4+ Kxg4 50. Rf4+ Kg5 51. Kf3
Rb3+ 52. Ke4 Rxg3 53. b6 Rb3 54. b7 Rxb7 55. Rf2 Rd7 56. c5 Rd8 57. c6 Rc8 58.
Kd5 Rd8+ 59. Ke6 Rd2 60. Rxd2 {nyul resigns} 1-0